Estructura de datos: libro de problemas
Guardat en:
| Autors principals: | , , , |
|---|---|
| Format: | Llibre |
| Idioma: | espanyol |
| Publicat: |
Madrid
McGraw Hill
1999
|
| Matèries: | |
| Etiquetes: |
Afegir etiqueta
Sense etiquetes, Sigues el primer a etiquetar aquest registre!
|
MARC
| LEADER | 00000nam a2200000 a 4500 | ||
|---|---|---|---|
| 001 | UCO9219 | ||
| 003 | CL-VaPUC | ||
| 008 | 010125e19990000SP |||||||||||||||||spa|d | ||
| 082 | 0 | 4 | |a 005.73 |b JOY |2 21 |
| 100 | |a Joyanes Aguilar, Luis |e author |9 582884 | ||
| 700 | 0 | |a Zahonero Martínez, Ignacio |e author |9 454228 | |
| 700 | 0 | |a Fernández Azuela, Matilde |e author |9 454229 | |
| 700 | 0 | |a Sánchez García, Lucas |e author |9 454230 | |
| 245 | 1 | 0 | |a Estructura de datos: libro de problemas |
| 300 | |a 550 p | ||
| 942 | |c BK | ||
| 945 | |d 20010125 00:00:00 |a vberengu | ||
| 260 | |a Madrid |b McGraw Hill |c 1999 | ||
| 650 | 0 | |a Algoritmos |9 260639 | |
| 650 | 0 | |a Árboles |x Matemáticas |9 423324 | |
| 650 | 0 | |a Archivos de datos |9 454231 | |
| 650 | 0 | |a Grafos |9 344754 | |
| 583 | |a last modification |c 20010125 00:00:00 |k Rodrigo Vera | ||
| 999 | |c 293492 |d 293490 | ||
| 952 | |0 0 |1 0 |4 0 |6 005_730000000000000_JOY_1999 |7 0 |8 A |9 345056 |a BIBMEC |b BIBMEC |d 2019-11-20 |i 3685462 |o 005.73 JOY 1999 |p 3685462 |r 2024-01-19 |w 2019-11-20 |y BK |k MEC | ||